KOHA-Header-6

How to Prepare for SAT II: Mathematics Level 1 (Record no. 12843)

000 -LEADER
fixed length control field 00280nam a22001217a 4500
020 ## - INTERNATIONAL STANDARD BOOK NUMBER
ISBN 9780812018141
082 ## - DEWEY DECIMAL CLASSIFICATION NUMBER
Classification number 510.276
100 ## - MAIN ENTRY--AUTHOR NAME
Personal name James J. Rizzuto
245 ## - TITLE STATEMENT
Title How to Prepare for SAT II: Mathematics Level 1
250 ## - EDITION STATEMENT
Edition statement 6th
260 ## - PUBLICATION, DISTRIBUTION, ETC. (IMPRINT)
Place of publication USA
Name of publisher Barrons
Year of publication 1994
942 ## - ADDED ENTRY ELEMENTS (KOHA)
Koha item type Books
Holdings
Withdrawn status Lost status Collection code Permanent Location Current Location Shelving location Date acquired Full call number Accession Number Koha item type
    Aptitude Tests MAJU MAJU Shelf No.A22 2020-12-10 510.276 243 Aptitude Tests

Powered by Koha